Detalles MARC
| 000 -CABECERA |
| Campo de control |
04577nam a22003737a 4500 |
| 005 - FECHA Y HORA DE LA ULTIMA TRANSACCION |
| Campo de control |
20240508122404.0 |
| 008 - ELEMENTOS DE LONGITUD FIJA—INFORMACION GENERAL |
| Campo de control |
240508b ||||| |||| 00| 0 spa d |
| 020 ## - ISBN |
| ISBN |
9786287676992 |
| 020 ## - ISBN |
| ISBN |
9789585060005 |
| 040 ## - FUENTE DE CATALOGACIÓN |
| Agencia catalogadora original |
CO-BoIAVH |
| Agencia transcriptora |
CO-BoIAVH |
| 041 ## - IDIOMA |
| Código de idioma para texto/pista de sonido o título separado |
Español |
| 044 ## - PAÍS DE PUBLICACIÓN |
| País de publicación |
Colombia |
| 082 ## - NUMERO DE CLASIFICACION DECIMAL DEWEY |
| Número de clasificación |
333.7 |
| Número del ítem |
G993O |
| 100 ## - ASIENTO PRINCIPAL--NOMBRE PERSONAL |
| Nombre personal |
Guzmán Jiménez, Luis Felipe |
| Término relacionado |
autor |
| 9 (RLIN) |
103340 |
| 245 ## - MENCION DE TITULO |
| Título |
La organización administrativa ambiental : |
| Parte restante del título |
una mirada al Sistema Nacional Ambiental (SINA) / |
| Mención de responsabilidad |
Luis Felipe Guzmán Jiménez ; presentación Angela María Amaya Arias |
| 250 ## - MENCION DE EDICION |
| Mención de edición |
Primera edición |
| 260 ## - PUBLICACION, DISTRIBUCION, ETC. (PIE DE IMPRENTA) |
| Lugar de publicación, distribución, etc. |
Bogotá : |
| Nombre del editor, distribuidor, etc. |
Universidad Externado de Colombia, |
| Fecha de publicación, distribución, etc. |
©2023. |
| 300 ## - DESCRIPCION FISICA |
| Extensión |
187 páginas : |
| Dimensiones |
21 cm |
| 504 ## - NOTA DE BIBLIOGRAFIA, ETC. |
| Nota de bibliografía |
Incluye referencias bibliográficas (páginas 171-187) |
| 505 ## - NOTA DE CONTENIDO |
| Nota de contenido |
Una mirada a la organización administrativa del Estado colombiano. Especial referencia al sector ambiente y desarrollo sostenible -- Notas características de la organización administrativa en Colombia en el periodo comprendido: 1954-2018 -- Notas características de la organización administrativa del sector ambiental y de desarrollo sostenible -- Bases constitucionales y legales en relación con la estructura administrativa ambiental -- Regulación de la organización administrativa en el sector ambiental y de desarrollo sostenible. Modelos de organización -- Las entidades de la organización administrativa ambiental. Una mirada a la realidad administrativa del Sistema Nacional Ambiental -- Sector central -- Ministerio de Ambiente y Desarrollo Sostenible -- Parques Nacionales Naturales de Colombia (PNN) -- Autoridad Nacional de Licencias Ambientales (ANLA) -- Sector descentralizado por servicios -- Instituto de Hidrología, Meteorología y Estudios Ambientales (Ideam) -- 3.2.2. Instituto de investigación de recursos biológicos «Alexander von Humboldt» -- Instituto de Investigaciones Marinas y Costeras «José Benito Vives de Andreis» (Invemar) -- Instituto de Investigaciones Ambientales del Pacífico (Neumann) -- Instituto Amazónico de Investigaciones Científicas (Sinchi) -- Apreciaciones finales en torno a la investigación -- Órganos autónomos (Corporaciones Autónomas Regionales y de Desarrollo Sostenible) -- Sector descentralizado territorial -- Otras entidades relacionadas con el SINA -- Eficacia administrativa. |
| 520 ## - NOTA DE RESUMEN, ETC. |
| Nota de resumen |
El presente libro tiene una estructura sencilla, compuesta por cuatro partes. En primer lugar, una mirada rápida a la organización administrativa del Estado colombiano, haciendo un especial énfasis en el sector ambiental (que es el sector que nos ocupa en este trabajo), durante el periodo comprendido entre 1954 a 2018. En segundo lugar, las bases constitucionales en relación con la estructura administrativa ambiental, es decir, las normas de organización fundamental. En tercer lugar, algunas ideas en torno a los modelos de organización administrativa en el sector de referencia, los cuales son esenciales para el estudio de la estructura administrativa (parte estática del derecho administrativo). En cuarto lugar, el libro desarrolla un análisis a profundidad de los órganos que conforman la organización administrativa ambiental, es decir, las entidades que conforman el SINA, para ello la obra se concentra en las tres tareas centrales del derecho de organización: distribución orgánica, actividades y competencias. Por tanto, la mirada se dirige a la realidad administrativa, tanto en el nivel central como en el nivel descentralizado (por servicios y territorialmente) con el análisis riguroso de normas de organización administrativa primarias (legales) y secundarias (reglamentarias y administrativas). (Fuente tomada del texto) |
| 650 ## - ASIENTO SECUNDARIO DE MATERIA - TERMINO TEMATICO |
| Término temático o nombre geográfico como elemento de entrada |
Gestión ambiental |
| Subdivisión general |
Aspectos jurídicos |
| Subdivisión geográfica |
Colombia |
| 9 (RLIN) |
103341 |
| 650 ## - ASIENTO SECUNDARIO DE MATERIA - TERMINO TEMATICO |
| Término temático o nombre geográfico como elemento de entrada |
Gestión ambiental |
| Subdivisión general |
Aspectos constitucionales |
| Subdivisión geográfica |
Colombia |
| 9 (RLIN) |
103342 |
| 650 ## - ASIENTO SECUNDARIO DE MATERIA - TERMINO TEMATICO |
| Término temático o nombre geográfico como elemento de entrada |
Desarrollo sostenible |
| Subdivisión general |
Aspectos ambientales |
| Subdivisión geográfica |
Colombia |
| 9 (RLIN) |
103343 |
| 650 ## - ASIENTO SECUNDARIO DE MATERIA - TERMINO TEMATICO |
| Término temático o nombre geográfico como elemento de entrada |
Parques nacionales |
| Subdivisión general |
Aspectos jurídicos |
| Subdivisión geográfica |
Colombia |
| 9 (RLIN) |
103344 |
| 650 ## - ASIENTO SECUNDARIO DE MATERIA - TERMINO TEMATICO |
| Término temático o nombre geográfico como elemento de entrada |
Entidades territoriales |
| Subdivisión geográfica |
Colombia |
| 9 (RLIN) |
103345 |
| 650 ## - ASIENTO SECUNDARIO DE MATERIA - TERMINO TEMATICO |
| Término temático o nombre geográfico como elemento de entrada |
Derecho administrativo |
| Subdivisión geográfica |
Colombia |
| 9 (RLIN) |
103346 |
| 650 ## - ASIENTO SECUNDARIO DE MATERIA - TERMINO TEMATICO |
| Término temático o nombre geográfico como elemento de entrada |
Descentralización administrativa |
| Subdivisión geográfica |
Colombia |
| 9 (RLIN) |
1437 |
| 650 ## - ASIENTO SECUNDARIO DE MATERIA - TERMINO TEMATICO |
| Término temático o nombre geográfico como elemento de entrada |
Responsabilidad por el medio ambiente |
| Subdivisión general |
Aspectos jurídicos |
| Subdivisión geográfica |
Colombia |
| 9 (RLIN) |
103347 |
| 650 ## - ASIENTO SECUNDARIO DE MATERIA - TERMINO TEMATICO |
| Término temático o nombre geográfico como elemento de entrada |
Administración pública |
| Subdivisión geográfica |
Colombia |
| 9 (RLIN) |
34591 |
| 651 ## - ASIENTO SECUNDARIO DE MATERIA - NOMBRE GEOGRAFICO |
| Nombre geográfico |
Colombia. |
| Subdivisión de forma |
Ministerio de Ambiente y Desarrollo Sostenible. Sistema Nacional Ambiental |
| Subdivisión general |
Aspectos jurídicos |
| 9 (RLIN) |
103348 |
| 700 ## - ASIENTO SECUNDARIO - NOMBRE PERSONAL |
| Nombre personal |
Amaya Arias, Angela María |
| Término de relación |
presentación |
| 9 (RLIN) |
103349 |
| 942 ## - ELEMENTOS ADICIONALES (KOHA) |
| Sistema de clasificación |
Dewey Decimal Classification |
| Tipo de ítem |
Libro |